中国首批沿海开放城市 - Statistics

General Stats
  • This quiz has been taken 58 times
  • The average score is 4 of 14
Answers on the Grid
Answers color-coded by a green-red scale on the quiz's grid according to % correct below.
丹东
大连
营口
盘锦
秦皇岛
唐山
天津
东营
烟台
威海
青岛
连云港
南通
苏州
上海
宁波
舟山
台州
温州
福州
泉州
厦门
汕头
深圳
广州
珠海
湛江
北海
防城港
海口
 
Answer Stats
Answer % Correct
大连
42%
广州
38%
天津
35%
青岛
35%
宁波
35%
福州
31%
上海
27%
连云港
23%
温州
23%
秦皇岛
19%
南通
15%
北海
12%
烟台
8%
湛江
8%
No matching quizzes found
Score Distribution
Percent of People with Each Score
Percentile by Number Answered
Your Score History
You have not taken this quiz